[Event "Rapid 2018"]
[Site "Saint-Petersburg"]
[Date "2018.12.28"]
[Round "15"]
[Board "84"]
[White "Kobo Ori (ISR)"]
[Black "Anisimov Pavel (RUS)"]
[Result "1-0"]
[LiveChessVersion "1.4.8"]
[BlackElo "2513"]
[WhiteElo "2442"]

1. Nf3 {[%clk 0:15:17]} d5 {[%clk 0:15:14]} 2. g3 {[%clk 0:15:23]} c5
{[%clk 0:15:23]} 3. Bg2 {[%clk 0:15:29]} Nc6 {[%clk 0:15:32]} 4. d4
{[%clk 0:15:34]} e6 {[%clk 0:15:41]} 5. O-O {[%clk 0:15:36]} Qb6 {[%clk 0:15:49]}
6. dxc5 {[%clk 0:13:54]} Bxc5 {[%clk 0:15:58]} 7. c4 {[%clk 0:14:03]} d4
{[%clk 0:16:06]} 8. Nbd2 {[%clk 0:13:10]} Nf6 {[%clk 0:15:49]} 9. Nb3
{[%clk 0:13:05]} e5 {[%clk 0:15:15]} 10. Nxc5 {[%clk 0:12:29]} Qxc5
{[%clk 0:15:23]} 11. e3 {[%clk 0:10:34]} d3 {[%clk 0:12:36]} 12. Nd2
{[%clk 0:10:43]} O-O {[%clk 0:11:41]} 13. a3 {[%clk 0:10:16]} Bg4
{[%clk 0:10:19]} 14. Qb3 {[%clk 0:09:31]} Be2 {[%clk 0:10:27]} 15. Re1
{[%clk 0:09:33]} Rab8 {[%clk 0:10:36]} 16. Qc3 {[%clk 0:08:58]} a5
{[%clk 0:10:16]} 17. Rb1 {[%clk 0:08:27]} a4 {[%clk 0:09:34]} 18. b4
{[%clk 0:08:33]} axb3 {[%clk 0:09:39]} 19. Rxb3 {[%clk 0:08:22]} Rfc8
{[%clk 0:08:58]} 20. Rb5 {[%clk 0:07:00]} Qe7 {[%clk 0:08:34]} 21. Bb2
{[%clk 0:06:55]} Nd7 {[%clk 0:08:23]} 22. Nb3 {[%clk 0:05:09]} Rc7
{[%clk 0:06:22]} 23. Bh3 {[%clk 0:03:24]} f6 {[%clk 0:05:59]} 24. Bf5
{[%clk 0:02:27]} Na7 {[%clk 0:05:42]} 25. Ra5 {[%clk 0:02:35]} b5
{[%clk 0:05:45]} 26. c5 {[%clk 0:01:28]} Nc6 {[%clk 0:04:00]} 27. Ra6
{[%clk 0:01:17]} e4 {[%clk 0:02:32]} 28. Rc1 {[%clk 0:00:58]} Nf8
{[%clk 0:00:58]} 29. Nd2 {[%clk 0:00:58]} b4 {[%clk 0:00:59]} 30. Qc4+
{[%clk 0:00:44]} Kh8 {[%clk 0:01:06]} 31. Qxe4 {[%clk 0:00:32]} bxa3
{[%clk 0:01:05]} 32. Bxa3 {[%clk 0:00:37]} Ne5 {[%clk 0:00:33]} 33. c6
{[%clk 0:00:38]} Qd8 {[%clk 0:00:30]} 34. Qd4 {[%clk 0:00:37]} Qe8
{[%clk 0:00:19]} 35. Qd6 {[%clk 0:00:38]} Qd8 {[%clk 0:00:16]} 36. Qxd8
{[%clk 0:00:31]} Rxd8 {[%clk 0:00:25]} 37. f4 {[%clk 0:00:25]} Nf3+
{[%clk 0:00:31]} 38. Nxf3 {[%clk 0:00:33]} d2 {[%clk 0:00:39]} 39. Nxd2
{[%clk 0:00:35]} Bxa6 {[%clk 0:00:47]} 40. Nb3 {[%clk 0:00:24]} Kg8
{[%clk 0:00:30]} 41. Nd4 {[%clk 0:00:24]} Bc8 {[%clk 0:00:24]} 42. Be4
{[%clk 0:00:21]} Ba6 {[%clk 0:00:28]} 43. Bxf8 {[%clk 0:00:21]} Rxf8
{[%clk 0:00:21]} 44. Bd5+ {[%clk 0:00:21]} Rff7 {[%clk 0:00:16]} 45. Ra1
{[%clk 0:00:25]} Bc8 {[%clk 0:00:17]} 46. Nb5 {[%clk 0:00:33]} Kf8
{[%clk 0:00:22]} 47. Ra8 {[%clk 0:00:25]} Rfe7 {[%clk 0:00:20]} 48. Nxc7
{[%clk 0:00:31]} 1-0

[Event "Rapid 2018"]
[Site "Saint-Petersburg"]
[Date "2018.12.28"]
[Round "15"]
[Board "85"]
[White "Belozerov Andrei (RUS)"]
[Black "Pogosyan Stefan (RUS)"]
[Result "1/2-1/2"]
[LiveChessVersion "1.4.8"]
[BlackElo "2353"]
[WhiteElo "2511"]

1. e4 e5 2. Nf3 {[%clk 0:15:26]} Nc6 {[%clk 0:15:29]} 3. Nc3 {[%clk 0:15:35]} Nf6
{[%clk 0:15:35]} 4. Bc4 {[%clk 0:15:44]} Nxe4 {[%clk 0:15:36]} 5. Nxe4
{[%clk 0:15:52]} d5 {[%clk 0:15:45]} 6. Bd3 {[%clk 0:16:01]} dxe4
{[%clk 0:15:52]} 7. Bxe4 {[%clk 0:16:09]} Bd6 {[%clk 0:15:59]} 8. O-O
{[%clk 0:16:12]} O-O {[%clk 0:16:05]} 9. Re1 {[%clk 0:16:17]} Bg4
{[%clk 0:15:10]} 10. h3 {[%clk 0:11:39]} Bh5 {[%clk 0:14:35]} 11. c3
{[%clk 0:10:19]} f5 {[%clk 0:09:11]} 12. Bd5+ {[%clk 0:08:47]} Kh8
{[%clk 0:08:15]} 13. d3 {[%clk 0:08:55]} Ne7 {[%clk 0:07:09]} 14. Bg5
{[%clk 0:06:09]} c6 {[%clk 0:06:47]} 15. Bb3 {[%clk 0:05:47]} h6 {[%clk 0:06:38]}
16. Bxe7 {[%clk 0:05:48]} Qxe7 {[%clk 0:06:47]} 17. Nxe5 {[%clk 0:03:54]} Qg5
{[%clk 0:05:14]} 18. Qc1 {[%clk 0:02:57]} f4 {[%clk 0:05:12]} 19. d4
{[%clk 0:02:59]} Rae8 {[%clk 0:04:31]} 20. Bd1 {[%clk 0:02:25]} Bxe5
{[%clk 0:03:13]} 21. Rxe5 {[%clk 0:01:50]} Rxe5 {[%clk 0:03:09]} 22. dxe5
{[%clk 0:01:59]} Bxd1 {[%clk 0:03:13]} 23. Qxd1 {[%clk 0:02:08]} f3
{[%clk 0:03:21]} 24. g3 {[%clk 0:02:13]} Qxe5 {[%clk 0:03:30]} 25. Qd3
{[%clk 0:02:05]} Qe6 {[%clk 0:02:07]} 26. Kh2 {[%clk 0:02:02]} a5
{[%clk 0:01:31]} 27. b3 {[%clk 0:01:58]} h5 {[%clk 0:00:47]} 28. Rd1
{[%clk 0:01:41]} h4 {[%clk 0:00:52]} 29. gxh4 {[%clk 0:01:28]} Qe5+
{[%clk 0:00:27]} 30. Kh1 {[%clk 0:01:37]} Qf4 {[%clk 0:00:27]} 31. Rg1
{[%clk 0:01:26]} Qxh4 {[%clk 0:00:19]} 32. Rg3 {[%clk 0:01:19]} Qf6
{[%clk 0:00:17]} 33. Kh2 {[%clk 0:01:14]} Rf7 {[%clk 0:00:19]} 34. Qe4
{[%clk 0:00:54]} Kg8 {[%clk 0:00:18]} 35. Qe8+ {[%clk 0:00:39]} Rf8
{[%clk 0:00:21]} 36. Qe3 {[%clk 0:00:44]} Qd6 {[%clk 0:00:13]} 37. Qd4
{[%clk 0:00:40]} Qxd4 {[%clk 0:00:19]} 38. cxd4 {[%clk 0:00:49]} Rf4
{[%clk 0:00:28]} 39. Rg4 {[%clk 0:00:52]} Rf5 {[%clk 0:00:25]} 40. Kg3
{[%clk 0:01:00]} a4 {[%clk 0:00:30]} 41. Rf4 {[%clk 0:01:00]} Rg5+
{[%clk 0:00:18]} 42. Kh4 {[%clk 0:00:36]} axb3 {[%clk 0:00:14]} 43. axb3
{[%clk 0:00:41]} Rb5 {[%clk 0:00:24]} 44. Rxf3 {[%clk 0:00:47]} Rb4
{[%clk 0:00:33]} 45. Rd3 {[%clk 0:00:48]} c5 {[%clk 0:00:24]} 46. Kg5
{[%clk 0:00:52]} cxd4 {[%clk 0:00:32]} 47. Kf5 {[%clk 0:00:49]} Kh7
{[%clk 0:00:37]} 48. Ke5 {[%clk 0:00:49]} Kg6 {[%clk 0:00:35]} 49. Rg3+
{[%clk 0:00:46]} Kh5 {[%clk 0:00:18]} 50. Kd5 {[%clk 0:00:51]} b6
{[%clk 0:00:20]} 51. Kc6 {[%clk 0:00:53]} g5 {[%clk 0:00:27]} 52. Kb7
{[%clk 0:00:36]} Kh4 {[%clk 0:00:26]} 53. Kc6 {[%clk 0:00:32]} Kh5
{[%clk 0:00:23]} 54. Rd3 {[%clk 0:00:31]} g4 {[%clk 0:00:21]} 55. Kd5
{[%clk 0:00:22]} gxh3 {[%clk 0:00:30]} 56. Rxh3+ {[%clk 0:00:31]} Kg4
{[%clk 0:00:39]} 57. Rg3+ {[%clk 0:00:22]} Kf4 {[%clk 0:00:40]} 58. Rd3
{[%clk 0:00:29]} Kf5 {[%clk 0:00:49]} 59. Rf3+ {[%clk 0:00:28]} Kg4
{[%clk 0:00:49]} 60. Rg3+ {[%clk 0:00:33]} Kf4 {[%clk 0:00:59]} 61. Rh3
{[%clk 0:00:40]} Kg4 {[%clk 0:00:54]} 62. Rd3 {[%clk 0:00:25]} Kf5
{[%clk 0:01:03]} 63. f3 {[%clk 0:00:24]} Kf6 {[%clk 0:00:47]} 64. Ke4
{[%clk 0:00:29]} Ke6 {[%clk 0:00:53]} 65. f4 {[%clk 0:00:34]} Kf6
{[%clk 0:01:02]} 66. f5 {[%clk 0:00:19]} Rb5 {[%clk 0:00:27]} 67. Rf3
{[%clk 0:00:17]} d3 {[%clk 0:00:13]} 68. Rxd3 {[%clk 0:00:20]} Rb4+
{[%clk 0:00:23]} 69. Kd5 {[%clk 0:00:20]} Kxf5 {[%clk 0:00:25]} 70. Rf3+
{[%clk 0:00:28]} Kg4 {[%clk 0:00:25]} 71. Rc3 {[%clk 0:00:35]} Kf5
{[%clk 0:00:30]} 72. Rd3 {[%clk 0:00:39]} Kf6 {[%clk 0:00:21]} 73. Rf3+
{[%clk 0:00:43]} Ke7 {[%clk 0:00:24]} 74. Kc6 {[%clk 0:00:51]} Ke6
{[%clk 0:00:26]} 75. Rh3 {[%clk 0:00:56]} Ke5 {[%clk 0:00:28]} 76. Rh5+
{[%clk 0:00:44]} Kd4 {[%clk 0:00:23]} 77. Rh3 {[%clk 0:00:24]} Ke5
{[%clk 0:00:15]} 78. Rg3 {[%clk 0:00:31]} Kd4 {[%clk 0:00:22]} 79. Kd6
{[%clk 0:00:34]} Rb5 {[%clk 0:00:17]} 80. Kc6 {[%clk 0:00:30]} Rb4
{[%clk 0:00:27]} 81. Kb7 {[%clk 0:00:32]} Kc5 {[%clk 0:00:19]} 82. Ka6
{[%clk 0:00:38]} Rh4 {[%clk 0:00:17]} 83. Rg5+ {[%clk 0:00:42]} Kb4
{[%clk 0:00:27]} 84. Rb5+ {[%clk 0:00:48]} Ka3 {[%clk 0:00:36]} 85. Kxb6
{[%clk 0:00:53]} Rb4 {[%clk 0:00:45]} 86. Rxb4 {[%clk 0:01:02]} Kxb4
{[%clk 0:00:54]} 1/2-1/2

[Event "Rapid 2018"]
[Site "Saint-Petersburg"]
[Date "2018.12.28"]
[Round "15"]
[Board "86"]
[White "Fakhrutdinov Timur (RUS)"]
[Black "Vlassov Nikolai (RUS)"]
[Result "1-0"]
[LiveChessVersion "1.4.8"]
[BlackElo "2492"]
[WhiteElo "2388"]

1. e4 {[%clk 0:15:18]} Nc6 {[%clk 0:15:19]} 2. Nf3 {[%clk 0:15:02]} d5
{[%clk 0:15:28]} 3. exd5 {[%clk 0:15:01]} Qxd5 {[%clk 0:15:36]} 4. Nc3
{[%clk 0:15:07]} Qa5 {[%clk 0:15:45]} 5. Bb5 {[%clk 0:14:57]} Bd7
{[%clk 0:15:54]} 6. Qe2 {[%clk 0:12:40]} O-O-O {[%clk 0:14:45]} 7. O-O
{[%clk 0:12:10]} a6 {[%clk 0:14:54]} 8. Bxc6 {[%clk 0:10:16]} Bxc6
{[%clk 0:15:02]} 9. Ne5 {[%clk 0:10:21]} Be8 {[%clk 0:15:10]} 10. Rb1
{[%clk 0:09:38]} f6 {[%clk 0:15:15]} 11. Nc4 {[%clk 0:09:16]} Qh5
{[%clk 0:15:23]} 12. Qe3 {[%clk 0:08:40]} e5 {[%clk 0:14:14]} 13. Qa7
{[%clk 0:05:07]} Bc6 {[%clk 0:14:22]} 14. Na5 {[%clk 0:04:27]} Ne7
{[%clk 0:14:17]} 15. Nxc6 {[%clk 0:03:38]} Nxc6 {[%clk 0:14:26]} 16. Qa8+
{[%clk 0:03:44]} Nb8 {[%clk 0:13:42]} 17. d3 {[%clk 0:03:40]} c5 {[%clk 0:11:57]}
18. Be3 {[%clk 0:03:13]} Kc7 {[%clk 0:11:11]} 19. b4 {[%clk 0:02:40]} Nc6
{[%clk 0:08:49]} 20. Nd5+ {[%clk 0:02:44]} Rxd5 {[%clk 0:08:48]} 21. bxc5
{[%clk 0:02:51]} Nd8 {[%clk 0:08:22]} 22. c6 {[%clk 0:02:13]} Rb5
{[%clk 0:05:31]} 23. cxb7 {[%clk 0:02:15]} Bb4 {[%clk 0:04:12]} 24. Qc8+
{[%clk 0:02:16]} Kd6 {[%clk 0:04:18]} 25. b8=Q+ {[%clk 0:02:05]} 1-0

[Event "Rapid 2018"]
[Site "Saint-Petersburg"]
[Date "2018.12.28"]
[Round "15"]
[Board "87"]
[White "Christiansen Johan-Sebastian (NOR)"]
[Black "Makarov Marat (RUS)"]
[Result "1-0"]
[BlackElo "2486"]
[WhiteElo "2421"]
[LiveChessVersion "1.4.8"]

1. e4 {[%clk 0:15:17]} c5 {[%clk 0:15:15]} 2. Nf3 {[%clk 0:15:25]} d6
{[%clk 0:15:23]} 3. Nc3 {[%clk 0:15:32]} Nf6 {[%clk 0:15:29]} 4. e5
{[%clk 0:15:41]} dxe5 {[%clk 0:15:37]} 5. Nxe5 {[%clk 0:15:49]} e6
{[%clk 0:15:36]} 6. Bb5+ {[%clk 0:15:57]} Nbd7 {[%clk 0:14:55]} 7. d4
{[%clk 0:16:05]} cxd4 {[%clk 0:13:49]} 8. Qxd4 {[%clk 0:16:13]} a6
{[%clk 0:13:56]} 9. Nxd7 {[%clk 0:10:32]} Bxd7 {[%clk 0:13:44]} 10. Bxd7+
{[%clk 0:10:39]} Qxd7 {[%clk 0:13:52]} 11. Qe3 {[%clk 0:09:34]} Be7
{[%clk 0:13:30]} 12. O-O {[%clk 0:09:41]} O-O {[%clk 0:13:37]} 13. h3
{[%clk 0:09:04]} b5 {[%clk 0:13:09]} 14. a3 {[%clk 0:09:02]} Qc6 {[%clk 0:13:04]}
15. Qg3 {[%clk 0:09:01]} Kh8 {[%clk 0:11:45]} 16. Be3 {[%clk 0:08:51]} a5
{[%clk 0:11:28]} 17. Rfc1 {[%clk 0:07:58]} b4 {[%clk 0:11:28]} 18. axb4
{[%clk 0:07:49]} axb4 {[%clk 0:11:36]} 19. Rxa8 {[%clk 0:07:57]} Rxa8
{[%clk 0:11:40]} 20. Ne2 {[%clk 0:08:02]} Ne8 {[%clk 0:06:32]} 21. Nd4
{[%clk 0:08:00]} Qe4 {[%clk 0:06:23]} 22. Nf3 {[%clk 0:07:37]} Kg8
{[%clk 0:04:13]} 23. Bd4 {[%clk 0:07:14]} Bd6 {[%clk 0:03:18]} 24. Be5
{[%clk 0:06:14]} Bxe5 {[%clk 0:03:13]} 25. Nxe5 {[%clk 0:06:22]} Nd6
{[%clk 0:02:13]} 26. Ng4 {[%clk 0:06:06]} Qd4 {[%clk 0:01:40]} 27. c3
{[%clk 0:05:45]} Qd2 {[%clk 0:01:20]} 28. Rf1 {[%clk 0:05:08]} bxc3
{[%clk 0:01:26]} 29. bxc3 {[%clk 0:05:14]} Nf5 {[%clk 0:01:10]} 30. Qc7
{[%clk 0:05:09]} Qd6 {[%clk 0:00:54]} 31. Qc4 {[%clk 0:05:05]} h5
{[%clk 0:00:57]} 32. Nh2 {[%clk 0:05:09]} Qa6 {[%clk 0:00:32]} 33. Qb4
{[%clk 0:04:45]} Rc8 {[%clk 0:00:31]} 34. Rc1 {[%clk 0:04:25]} Qc6
{[%clk 0:00:33]} 35. Nf3 {[%clk 0:04:29]} Qc4 {[%clk 0:00:24]} 36. Qb7
{[%clk 0:04:35]} Qc6 37. Qb1 {[%clk 0:04:27]} Qc7 {[%clk 0:00:26]} 38. Qd3
{[%clk 0:04:15]} Qf4 {[%clk 0:00:33]} 39. Qd1 {[%clk 0:03:38]} h4
{[%clk 0:00:30]} 40. Qe1 {[%clk 0:03:26]} Rc4 {[%clk 0:00:35]} 41. Rd1
{[%clk 0:03:28]} Qc7 {[%clk 0:00:39]} 42. Rd3 {[%clk 0:03:19]} Ra4
{[%clk 0:00:44]} 43. Qd1 {[%clk 0:03:03]} Ra8 {[%clk 0:00:48]} 44. Ng5
{[%clk 0:03:03]} Qb6 {[%clk 0:00:18]} 45. Rd7 {[%clk 0:02:53]} f6
{[%clk 0:00:23]} 46. Ne4 {[%clk 0:02:08]} Qc6 {[%clk 0:00:30]} 47. Qg4
{[%clk 0:01:55]} Rf8 {[%clk 0:00:33]} 48. Rd1 {[%clk 0:01:30]} Kf7
{[%clk 0:00:30]} 49. Qf3 {[%clk 0:01:27]} Qc7 {[%clk 0:00:36]} 50. Qh5+
{[%clk 0:01:07]} Kg8 {[%clk 0:00:45]} 51. Qe2 {[%clk 0:00:59]} Kf7
{[%clk 0:00:51]} 52. Re1 {[%clk 0:01:00]} Qc6 {[%clk 0:00:54]} 53. Rb1
{[%clk 0:00:48]} Rd8 {[%clk 0:00:51]} 54. Qh5+ {[%clk 0:00:51]} Ke7
{[%clk 0:00:57]} 55. Qg4 {[%clk 0:00:49]} Qc7 {[%clk 0:00:53]} 56. Qf3
{[%clk 0:00:48]} Rb8 {[%clk 0:01:01]} 57. Ra1 {[%clk 0:00:55]} Kf7
{[%clk 0:00:58]} 58. Qh5+ {[%clk 0:00:54]} Ke7 {[%clk 0:01:06]} 59. Qe2
{[%clk 0:00:55]} Kf7 {[%clk 0:01:14]} 60. Re1 {[%clk 0:00:53]} Re8
{[%clk 0:01:19]} 61. Qh5+ {[%clk 0:00:59]} Ke7 {[%clk 0:01:25]} 62. Nxf6
{[%clk 0:00:49]} gxf6 {[%clk 0:00:28]} 63. Qxf5 {[%clk 0:00:58]} Qd6
{[%clk 0:00:15]} 64. Qh7+ {[%clk 0:01:02]} Kf8 {[%clk 0:00:24]} 65. Qxh4
{[%clk 0:01:03]} Kg7 {[%clk 0:00:33]} 66. Qg4+ {[%clk 0:01:00]} Kf7
{[%clk 0:00:42]} 67. Qh5+ {[%clk 0:01:09]} Kf8 {[%clk 0:00:49]} 68. Rd1
{[%clk 0:01:14]} Qe7 {[%clk 0:00:54]} 69. Qh6+ {[%clk 0:01:11]} Qg7
{[%clk 0:01:03]} 70. Qe3 {[%clk 0:01:10]} Kg8 {[%clk 0:01:08]} 71. Rd4
{[%clk 0:01:15]} f5 {[%clk 0:01:12]} 72. Qd2 {[%clk 0:01:14]} Qf6
{[%clk 0:01:19]} 73. Rd6 {[%clk 0:01:14]} Kf7 {[%clk 0:01:20]} 74. Rd7+
{[%clk 0:01:16]} Re7 {[%clk 0:01:29]} 75. Rd8 {[%clk 0:00:47]} Rb7
{[%clk 0:01:29]} 76. Rd7+ {[%clk 0:00:51]} Rxd7 {[%clk 0:01:35]} 77. Qxd7+
{[%clk 0:01:00]} Kg6 {[%clk 0:01:43]} 78. Qd4 {[%clk 0:01:00]} e5
{[%clk 0:01:52]} 79. Qd5 {[%clk 0:00:54]} e4 {[%clk 0:02:00]} 80. Qd4
{[%clk 0:01:00]} Qe6 {[%clk 0:02:05]} 81. g3 {[%clk 0:00:53]} Qa2
{[%clk 0:00:35]} 82. Kh2 {[%clk 0:00:49]} Qe2 {[%clk 0:00:41]} 83. Qe3
{[%clk 0:00:56]} Qc2 {[%clk 0:00:49]} 84. h4 {[%clk 0:01:01]} Kf7
{[%clk 0:00:56]} 85. Kg2 {[%clk 0:00:45]} Qd1 {[%clk 0:00:55]} 86. c4
{[%clk 0:00:47]} Ke6 {[%clk 0:00:58]} 87. c5 {[%clk 0:00:41]} Kd5
{[%clk 0:00:40]} 88. Qf4 {[%clk 0:00:50]} Qh5 {[%clk 0:00:49]} 89. Qd6+
{[%clk 0:00:45]} Kc4 {[%clk 0:00:58]} 90. c6 {[%clk 0:00:42]} Qf3+
{[%clk 0:00:58]} 91. Kg1 {[%clk 0:00:51]} e3 {[%clk 0:00:31]} 92. Qe6+
{[%clk 0:00:59]} Kb5 {[%clk 0:00:29]} 93. Qxe3 {[%clk 0:01:02]} Qd1+
{[%clk 0:00:37]} 94. Kg2 {[%clk 0:01:09]} Qd5+ {[%clk 0:00:43]} 95. Qf3
{[%clk 0:01:18]} 1-0

[Event "Rapid 2018"]
[Site "Saint-Petersburg"]
[Date "2018.12.28"]
[Round "15"]
[Board "88"]
[White "Dzhumagaliev Yan (RUS)"]
[Black "Pershin Denis (RUS)"]
[Result "0-1"]
[BlackElo "2353"]
[WhiteElo "2485"]
[LiveChessVersion "1.4.8"]

1. Nf3 {[%clk 0:15:18]} d5 {[%clk 0:15:19]} 2. b3 {[%clk 0:15:21]} Nf6
{[%clk 0:15:27]} 3. Bb2 {[%clk 0:15:29]} Bg4 {[%clk 0:15:35]} 4. Ne5
{[%clk 0:15:34]} Bf5 {[%clk 0:15:44]} 5. e3 {[%clk 0:15:22]} Nbd7
{[%clk 0:15:52]} 6. g4 {[%clk 0:14:48]} Nxe5 {[%clk 0:15:40]} 7. gxf5
{[%clk 0:14:55]} Ned7 {[%clk 0:15:48]} 8. c4 {[%clk 0:14:21]} dxc4
{[%clk 0:15:06]} 9. Bxc4 {[%clk 0:14:20]} g6 {[%clk 0:15:15]} 10. Qf3
{[%clk 0:13:36]} c6 {[%clk 0:15:23]} 11. e4 {[%clk 0:13:36]} Bg7 {[%clk 0:15:20]}
12. fxg6 {[%clk 0:11:41]} hxg6 {[%clk 0:15:11]} 13. e5 {[%clk 0:11:49]} Nd5
{[%clk 0:15:13]} 14. e6 {[%clk 0:11:57]} N7f6 {[%clk 0:15:21]} 15. exf7+
{[%clk 0:12:06]} Kxf7 {[%clk 0:15:30]} 16. Nc3 {[%clk 0:11:53]} Qd7
{[%clk 0:15:34]} 17. O-O-O {[%clk 0:11:35]} b5 {[%clk 0:14:35]} 18. Bd3
{[%clk 0:10:15]} Rh3 {[%clk 0:14:29]} 19. Bxg6+ {[%clk 0:09:39]} Kxg6
{[%clk 0:14:34]} 20. Qg2+ {[%clk 0:09:48]} Kh7 {[%clk 0:11:03]} 21. Rhg1
{[%clk 0:09:31]} Rg8 {[%clk 0:10:42]} 22. Ne4 {[%clk 0:09:39]} Bh6
{[%clk 0:06:09]} 23. Qh1 {[%clk 0:09:48]} Qf5 {[%clk 0:05:17]} 24. Rxg8
{[%clk 0:07:53]} Kxg8 {[%clk 0:05:26]} 25. Bxf6 {[%clk 0:07:24]} exf6
{[%clk 0:04:43]} 26. Qg2+ {[%clk 0:07:07]} Bg5 {[%clk 0:04:52]} 27. Ng3
{[%clk 0:05:25]} Qe5 {[%clk 0:04:50]} 28. Kb1 {[%clk 0:05:31]} Rh4
{[%clk 0:04:51]} 29. Rc1 {[%clk 0:05:17]} Nb4 {[%clk 0:03:51]} 30. Qf3
{[%clk 0:05:15]} Rd4 {[%clk 0:03:42]} 31. Rd1 {[%clk 0:04:24]} Nd3
{[%clk 0:03:37]} 32. Qh5 {[%clk 0:03:52]} Rd7 {[%clk 0:03:31]} 33. Qg6+
{[%clk 0:03:49]} Kf8 {[%clk 0:03:40]} 0-1

[Event "Rapid 2018"]
[Site "Saint-Petersburg"]
[Date "2018.12.28"]
[Round "15"]
[Board "89"]
[White "Hirneise Jens (GER)"]
[Black "Sokolov Andrei (LAT)"]
[Result "0-1"]
[BlackElo "2482"]
[WhiteElo "2355"]
[LiveChessVersion "1.4.8"]

1. e4 {[%clk 0:15:19]} d6 {[%clk 0:15:18]} 2. d4 {[%clk 0:15:27]} Nf6
{[%clk 0:15:27]} 3. Nc3 {[%clk 0:15:37]} e5 {[%clk 0:15:36]} 4. Nf3
{[%clk 0:15:43]} Nbd7 {[%clk 0:15:43]} 5. Bc4 {[%clk 0:15:45]} Be7
{[%clk 0:15:51]} 6. O-O {[%clk 0:15:53]} O-O {[%clk 0:15:59]} 7. a4
{[%clk 0:15:59]} c6 {[%clk 0:16:06]} 8. Re1 {[%clk 0:16:02]} b6 {[%clk 0:16:00]}
9. b3 {[%clk 0:15:20]} a6 {[%clk 0:15:58]} 10. Bb2 {[%clk 0:15:13]} Bb7
{[%clk 0:15:49]} 11. dxe5 {[%clk 0:14:56]} dxe5 {[%clk 0:15:53]} 12. Nh4
{[%clk 0:14:53]} b5 {[%clk 0:15:29]} 13. Bd3 {[%clk 0:14:48]} g6 {[%clk 0:15:09]}
14. Nf3 {[%clk 0:14:40]} Re8 {[%clk 0:14:18]} 15. Qe2 {[%clk 0:14:15]} Qc7
{[%clk 0:13:56]} 16. Nd1 {[%clk 0:12:50]} Bb4 {[%clk 0:13:36]} 17. Bc3
{[%clk 0:11:36]} Bxc3 {[%clk 0:13:32]} 18. Nxc3 {[%clk 0:11:45]} Nc5
{[%clk 0:13:01]} 19. Qe3 {[%clk 0:11:48]} Qe7 {[%clk 0:12:18]} 20. h3
{[%clk 0:11:35]} Rad8 {[%clk 0:11:28]} 21. Red1 {[%clk 0:11:03]} Bc8
{[%clk 0:10:41]} 22. Ne1 {[%clk 0:07:56]} Ne6 {[%clk 0:09:56]} 23. Bf1
{[%clk 0:07:13]} Nd4 {[%clk 0:09:13]} 24. Ne2 {[%clk 0:06:54]} c5
{[%clk 0:08:41]} 25. axb5 axb5 26. b4 {[%clk 0:06:27]} Bb7 {[%clk 0:08:12]} 27.
bxc5 {[%clk 0:06:22]} Qxc5 {[%clk 0:08:03]} 28. Ng3 {[%clk 0:04:51]} b4
{[%clk 0:07:02]} 29. Bd3 {[%clk 0:04:19]} Rd6 {[%clk 0:05:34]} 30. Nf1
{[%clk 0:04:10]} Red8 {[%clk 0:04:06]} 31. Nd2 {[%clk 0:04:10]} Ne6
{[%clk 0:04:15]} 32. Nc4 {[%clk 0:04:00]} Rd4 {[%clk 0:03:24]} 33. Na5
{[%clk 0:03:35]} R4d7 {[%clk 0:02:48]} 34. Nxb7 {[%clk 0:03:09]} Qxe3
{[%clk 0:02:33]} 35. fxe3 {[%clk 0:03:18]} Rxb7 {[%clk 0:02:42]} 36. Nf3
{[%clk 0:02:08]} Nc5 {[%clk 0:02:28]} 37. Nxe5 {[%clk 0:02:01]} Re8
{[%clk 0:01:40]} 38. Nc6 {[%clk 0:01:59]} Nfxe4 {[%clk 0:01:43]} 39. Bxe4
{[%clk 0:01:43]} Rxe4 {[%clk 0:01:39]} 40. Ra5 {[%clk 0:01:27]} Ne6
{[%clk 0:01:36]} 41. Re5 {[%clk 0:00:49]} Rxe5 {[%clk 0:01:23]} 42. Nxe5
{[%clk 0:00:57]} Rc7 {[%clk 0:01:31]} 43. Nd3 {[%clk 0:00:52]} Rc4
{[%clk 0:01:13]} 44. Rb1 {[%clk 0:00:45]} Rxc2 {[%clk 0:01:22]} 45. Nxb4
{[%clk 0:00:47]} Rd2 {[%clk 0:01:29]} 46. Rc1 {[%clk 0:00:38]} Kg7
{[%clk 0:01:30]} 47. Rc4 {[%clk 0:00:20]} h5 {[%clk 0:01:19]} 48. Rc2
{[%clk 0:00:12]} Rd1+ {[%clk 0:01:23]} 49. Kf2 {[%clk 0:00:18]} Ng5
{[%clk 0:01:25]} 50. Ke2 {[%clk 0:00:20]} Rg1 {[%clk 0:01:27]} 51. Kf2
{[%clk 0:00:26]} Rh1 {[%clk 0:01:21]} 52. Kg3 {[%clk 0:00:12]} Rf1
{[%clk 0:01:24]} 53. Nd5 {[%clk 0:00:17]} Ne4+ {[%clk 0:01:29]} 54. Kh2
{[%clk 0:00:25]} h4 {[%clk 0:00:53]} 55. Rc4 {[%clk 0:00:12]} f5 {[%clk 0:01:02]}
56. Nc3 {[%clk 0:00:14]} Rc1 {[%clk 0:00:47]} 57. Rc7+ {[%clk 0:00:22]} Kh6
{[%clk 0:00:56]} 58. Nd5 {[%clk 0:00:17]} Re1 {[%clk 0:00:34]} 59. Nc3
{[%clk 0:00:14]} Ng3 {[%clk 0:00:37]} 0-1

[Event "Rapid 2018"]
[Site "Saint-Petersburg"]
[Date "2018.12.28"]
[Round "15"]
[Board "90"]
[White "Chen Qi B (CHN)"]
[Black "Tsoi Dmitry (RUS)"]
[Result "1-0"]
[BlackElo "2381"]
[WhiteElo "2258"]
[LiveChessVersion "1.4.8"]

1. e4 {[%clk 0:15:18]} e5 {[%clk 0:15:19]} 2. Bc4 {[%clk 0:15:26]} Nf6
{[%clk 0:15:24]} 3. d3 {[%clk 0:15:35]} d6 {[%clk 0:15:23]} 4. Nc3
{[%clk 0:15:22]} c6 {[%clk 0:15:28]} 5. Nf3 {[%clk 0:15:16]} Be7 {[%clk 0:15:36]}
6. O-O {[%clk 0:15:19]} O-O {[%clk 0:15:43]} 7. Bb3 {[%clk 0:15:18]} Nbd7
{[%clk 0:15:51]} 8. a3 {[%clk 0:15:23]} b5 {[%clk 0:15:56]} 9. Ne2
{[%clk 0:15:25]} Bb7 {[%clk 0:15:58]} 10. Ng3 {[%clk 0:15:30]} Nc5
{[%clk 0:15:48]} 11. Ba2 {[%clk 0:15:38]} Qc7 {[%clk 0:15:53]} 12. Re1
{[%clk 0:15:43]} Rae8 {[%clk 0:16:01]} 13. Nf5 {[%clk 0:15:30]} Bc8
{[%clk 0:16:06]} 14. Nxe7+ {[%clk 0:15:15]} Qxe7 {[%clk 0:16:13]} 15. b4
{[%clk 0:15:10]} Ncd7 {[%clk 0:15:47]} 16. c4 {[%clk 0:14:45]} a6
{[%clk 0:15:50]} 17. a4 {[%clk 0:14:22]} Bb7 {[%clk 0:15:54]} 18. Bd2
{[%clk 0:13:22]} Nb6 {[%clk 0:15:24]} 19. cxb5 {[%clk 0:12:11]} cxb5
{[%clk 0:15:31]} 20. axb5 {[%clk 0:10:08]} axb5 {[%clk 0:15:39]} 21. Bb3
{[%clk 0:10:16]} Ra8 {[%clk 0:15:22]} 22. Qe2 {[%clk 0:10:15]} Bc6
{[%clk 0:15:27]} 23. h3 {[%clk 0:10:04]} Qb7 {[%clk 0:15:31]} 24. Bg5
{[%clk 0:09:49]} Nbd7 {[%clk 0:15:36]} 25. Nh4 {[%clk 0:09:47]} Rxa1
{[%clk 0:14:16]} 26. Rxa1 {[%clk 0:09:52]} d5 {[%clk 0:14:25]} 27. f3
{[%clk 0:09:26]} h6 {[%clk 0:13:57]} 28. Be3 {[%clk 0:09:31]} Ra8
{[%clk 0:13:55]} 29. Rxa8+ {[%clk 0:08:35]} Qxa8 {[%clk 0:14:03]} 30. Qb2
{[%clk 0:08:16]} Qf8 {[%clk 0:12:33]} 31. Bd2 {[%clk 0:07:54]} Kh7
{[%clk 0:10:46]} 32. Nf5 {[%clk 0:07:49]} h5 {[%clk 0:08:24]} 33. Qc1
{[%clk 0:07:33]} Qa8 {[%clk 0:05:16]} 34. Kh2 {[%clk 0:07:15]} g6
{[%clk 0:04:51]} 35. Nd6 {[%clk 0:06:28]} Kg8 {[%clk 0:04:37]} 36. Bg5
{[%clk 0:06:27]} Nh7 {[%clk 0:04:02]} 37. Bh4 {[%clk 0:06:05]} Nhf8
{[%clk 0:03:38]} 38. Ne8 {[%clk 0:04:42]} Qxe8 {[%clk 0:03:17]} 39. Qxc6
{[%clk 0:04:51]} dxe4 {[%clk 0:03:26]} 40. dxe4 {[%clk 0:04:51]} Qb8
{[%clk 0:03:15]} 41. Qd5 {[%clk 0:04:00]} Qe8 {[%clk 0:03:11]} 42. Qxb5
{[%clk 0:04:07]} Nf6 {[%clk 0:02:47]} 43. Qxe8 {[%clk 0:03:23]} Nxe8
{[%clk 0:02:55]} 44. b5 {[%clk 0:03:32]} Nd7 {[%clk 0:02:29]} 45. Bd8
{[%clk 0:03:30]} Nd6 {[%clk 0:02:37]} 46. b6 {[%clk 0:03:29]} Kf8
{[%clk 0:02:07]} 47. Bd5 {[%clk 0:03:12]} Nc5 {[%clk 0:02:07]} 48. Bc7
{[%clk 0:02:43]} Ke7 {[%clk 0:02:04]} 49. Bxd6+ {[%clk 0:02:43]} Kxd6
{[%clk 0:02:13]} 50. Bxf7 {[%clk 0:02:52]} g5 {[%clk 0:02:02]} 51. Bxh5
{[%clk 0:02:47]} Ne6 {[%clk 0:02:04]} 52. Bf7 {[%clk 0:02:47]} 1-0